000 00594nam a2200181Ia 4500
008 090124s9999 xx 000 0 und d
082 _b131433
100 _aगडकर रेचल
245 _a भारतवासी बेनेइस्त्राएली
250 _a1
260 _c2001
300 _a203
600 _aगडकर रेचल
630 _a भारतवासी बेनेइस्त्राएली
700 _aगडकर रेचल
730 _a भारतवासी बेनेइस्त्राएली
942 _cBOOK
999 _c177522
_d177522